000 01813nab a2200265 a 4500
005 20210219163145.0
008 991125s1985 mx 000 0 spa u
035 _aUPN01000217340
049 _aART
100 1 _aMontiel Espinosa, Gisela
100 1 _ugmontiele@cinvestav.mx
222 0 _aPERFILES EDUCATIVOS
245 0 0 _aCondiciones para la innovación educativa en el posgrado :
_bel caso de la Maestría en Enseñanza de las Matemáticas en la Educación Secundaria en Oaxaca
260 _aMéxico
300 _a101-115
362 0 _a2016 Volumen 38, número especial
520 3 _aEn este artículo presentamos una experiencia de trabajo con profesores oaxaqueños del nivel secundaria, en un seminario de posgrado. Reportamos un breve análisis del comportamiento innovador del profesor relacionado con las tareas de confrontación de saberes, resignificación de la matemática escolar y de análisis del pensamiento matemático, vinculadas al diseño didáctico, para enfatizar que dicho comportamiento es desarrollable cuando se atiende a la especificidad de los fenómenos didácticos relativos a la matemática. Con ello evidenciamos la pertinencia de un modelo de posgrado orientado a la profesión que articula la teoría (matemática educativa), la práctica (educación matemática) y la innovación educativa, en escenarios de cambio social, educativo y laboral
653 0 _aCONOCIMIENTO MATEMATICO
653 0 _aMATEMATICA ESCOLAR
653 0 _aEDUCACION SECUNDARIA
653 0 _aEDUCACION MATEMATICA
653 0 _aINNOVACION EDUCATIVA
856 4 _uhttp://www.iisue.unam.mx/perfiles/articulo/2016-e-condiciones-para-la-innovacion-educativa-en-el-posgrado-el-caso-de-la-maestria-en-ensenanza-de-las-matematicas-en-la-educacion-secundaria-en-oaxaca.pdf
905 _aArticulo
999 _c189440
_d189440